000 00827nam a2200277 a 4500
001 002
003 DO-SdBNP
005 20231122094314.0
007 002
008 111012s2012 mx 000 spa d
020 _a9685146144
040 _aBPMSU
_bspa
_cBPMSU
082 _aMa 863.5
_bQ484C
100 _aQuiroga, Horacio,
_d1878-1937.
245 1 0 _aCuentos de la selva /
_cHoracio Quiroga.
260 _aMéxico :
_bEdiciones Leyenda,
_c2012
300 _a87 p. :
_bil. ;
_c23 cm.
490 0 _aClásicos
500 _aIncluye datos biográficos del autor en la solapa de la cubierta
590 _aInventariado, 2023/VM
650 4 _aVida de la selva
_vCuentos
650 4 _aCuentos juveniles uruguayos
650 4 _aAnimales
_vCuentos
910 _aVMateo V. Control de calidad. BPMSU
942 _2ddc
_cBK
999 _c8255
_d8255